[Event "Druzynowe Mistrzostwa Polski - II liga"]
[Site "Sypniewo k. Jastrowia"]
[Date "1899-12-30"]
[Round "2.101"]
[White "Lamza, Zenon"]
[Black "Soliwoda, Zygmunt"]
[Result "1-0"]
[WhiteTitle "k"]
[BlackTitle "II+"]
[WhiteElo "2178"]
[BlackElo "1593"]

1. Nf3 d5 2. g3 Nf6 3. Bg2 c5 4. O-O Nc6 5. d3 e5 6. e4 dxe4 7. dxe4 Qxd1 8. Rxd1
Bg4 9. Re1 Bd6 10. c3 Rd8 11. Na3 h6 12. Nc4 O-O 13. a4 b6 14. Ne3 Be6 15. Nd2
Na5 16. Bf1 Bc7 17. f3 Ne8 18. Nec4 Bxc4 19. Nxc4 Nb3 20. Rb1 Nxc1 21. Rbxc1 f6
22. Rcd1 Nd6 23. Ne3 Bb8 24. Nd5 Rfe8 25. Rd2 Kf7 26. Red1 g6 27. Ne3 Ke7 28.
Rd5 Bc7 29. b3 Kf7 30. R5d2 Bb8 31. Bb5 Rh8 32. Bc4+ Kg7 33. Ba6 Kf7 34. Rd5 Ke7
35. Kf2 Rhf8 36. Ke2 Ke6 37. R5d2 Ke7 38. Bb5 Nxb5 39. axb5 Rxd2+ 40. Rxd2 Bd6
41. Kd3 Ke6 42. Ra2 Rf7 43. g4 Bb8 44. Rg2 Rd7+ 45. Nd5 Rf7 46. Kc4 Bd6 47. h4
Rg7 48. Ne3 Bf8 49. Rd2 Bd6 50. h5 gxh5 51. Rxd6+ Kxd6 52. Nf5+ Kd7 53. Nxg7 h4
54. Nf5 h3 55. Kd3 Ke6 56. Ke3 h2 57. Ng3 Kf7 58. Kf2 Kg6 59. Kg2 Kg5 60. Nh5
1-0

[Event "Druzynowe Mistrzostwa Polski - II liga"]
[Site "Sypniewo k. Jastrowia"]
[Date "1899-12-30"]
[Round "2.102"]
[White "Uliasz, Katarzyna"]
[Black "Bugaj, Hanna"]
[Result "1/2-1/2"]
[WhiteTitle "I++"]
[BlackTitle "I++"]
[WhiteElo "1569"]
[BlackElo "1755"]

1. e4 c5 2. Nf3 Nc6 3. Nc3 Nf6 4. d4 cxd4 5. Nxd4 e5 6. Ndb5 d6 7. Bg5 a6 8. Na3
b5 9. Nd5 Be7 10. Bxf6 Bxf6 11. c3 O-O 12. Nc2 Rb8 13. h4 Be7 14. g3 Kh8 15. Nce3
Be6 16. Bh3 Qd7 17. Bxe6 fxe6 18. Nxe7 Nxe7 19. Qd2 d5 20. O-O-O Rbd8 21. Ng4
Qc7 22. exd5 exd5 23. Kb1 Nc6 24. Rhe1 d4 25. h5 Rf5 26. Qc2 Rf7 27. cxd4 Nxd4
28. Qxc7 Rxc7 29. Rxe5 Rcd7 30. Rde1 Kg8 31. Re8+ Rxe8 32. Rxe8+ Kf7 33. Re1 Rd5
34. Rd1 Ke6 35. Ne3 Rd6 36. g4 Ke5 37. Re1 Kf4 38. Rd1 Ke5 39. Rd2 Rf6 40. Kc1
Rf3 1/2-1/2

[Event "Druzynowe Mistrzostwa Polski - II liga"]
[Site "Sypniewo k. Jastrowia"]
[Date "1899-12-30"]
[Round "3.1"]
[White "Kowalczyk, Pawel"]
[Black "Bebel, Arkadiusz"]
[Result "1-0"]
[WhiteTitle "m"]
[BlackTitle "FM"]
[WhiteElo "2339"]
[BlackElo "2294"]

1. a3 Nf6 2. b4 g6 3. Bb2 Bg7 4. Nf3 d6 5. d4 O-O 6. Nbd2 c5 7. e3 cxd4 8. exd4
d5 9. Bd3 Nbd7 10. O-O Nb6 11. a4 a5 12. b5 Bg4 13. Qe1 Bxf3 14. Nxf3 Nc4 15.
Bc3 Ne8 16. Ne5 Ned6 17. f4 e6 18. Rf3 Rc8 19. Rh3 Re8 20. Rb1 b6 21. Rb3 f5 22.
Nc6 Rxc6 23. bxc6 Bf6 24. Qa1 Qc7 25. Be1 Qxc6 26. c3 Qc7 27. Rf3 Rc8 28. Qd1
Qd7 29. Rb1 Bd8 30. Rf2 h5 31. Re2 Kf7 32. Ra2 Rc6 33. Qe2 Qc8 34. Rb3 Qc7 35.
g3 Qd7 36. Rb1 Qc8 37. Qf3 Bf6 38. h3 Ne4 39. Bxe4 fxe4 40. Qe2 Nd6 41. Rb3 Nc4
42. Ra1 Qh8 43. Rab1 Ke7 44. Bf2 Kd7 45. Kg2 Be7 46. Rf1 Rc8 47. Rb5 Bd6 48. Be3
Rf8 49. Bc1 Bc7 50. Rb1 Rf7 51. Qd1 Qa8 52. Ra1 Qa6 53. Rf2 Nd6 54. Qe2 Nc4 55.
Rb1 Qa8 56. Kg1 Qc6 57. Qd1 Nd6 58. Qb3 Kd8 59. Rc2 Nc4 60. Rg2 Qd6 61. Qd1 Qf8
62. Qe2 Kc8 63. h4 Kb7 64. Qd1 Qe8 65. Rf2 Rd7 66. Re2 Rd6 67. Qb3 Rc6 68. Bd2
Qf8 69. Be1 Qf5 70. Qd1 Qh3 71. Rh2 Qf5 72. Qe2 Bd6 73. Rb3 Rc7 74. Bf2 Qf8 75.
Be1 Qe8 76. Qa2 Ne3 77. Rhb2 Rc6 78. Rb5 Nc4 79. Re2 Bc7 80. Qb3 Ka7 81. Qa2 Nd6
82. Rb1 Rc4 83. Ra1 Nf5 84. Rxe4 Rxa4 85. Qxa4 Qxa4 86. Rxa4 dxe4 87. Ra2 Kb7
88. Re2 e3 89. Kg2 Kc6 90. c4 Bd8 91. Bc3 b5 92. cxb5+ Kxb5 93. Ba1 Be7 94. Rc2
a4 95. Kf3 a3 96. Ke2 Bb4 97. Kd3 Ka4 98. Rc6 Kb3 99. Rxe6 a2 100. Rb6 Ne7 101.
Rb5 e2 102. Kxe2 Kc4 103. Rb7 Nd5 104. Ra7 Kb3 105. Kd3 Bc3 106. Bxc3 Nxc3 107.
Rxa2 Nxa2 108. d5 Kb4 109. Kd4 Kb5 110. Ke5 Nc3 111. Kf6 Ne4+ 112. Kxg6 Nxg3 113.
f5 Kc5 114. f6 Kd6 115. f7 Ke7 116. d6+ 1-0

[Event "Druzynowe Mistrzostwa Polski - II liga"]
[Site "Sypniewo k. Jastrowia"]
[Date "1899-12-30"]
[Round "3.2"]
[White "Sowul, Bartosz"]
[Black "Velicka, Petr"]
[Result "1/2-1/2"]
[WhiteTitle "k+"]
[BlackTitle "GM"]
[WhiteElo "2248"]
[BlackElo "2393"]

1. Nf3 Nf6 2. c4 c5 3. b3 g6 4. Bb2 Bg7 5. g3 b6 6. Bg2 Bb7 7. O-O O-O 8. d4 cxd4
9. Qxd4 d6 10. Nc3 Nbd7 11. Qd2 a6 12. Ne1 Bxg2 13. Kxg2 Qc8 14. f3 Qb7 15. e4
b5 16. cxb5 axb5 17. Nd3 Nb8 18. Nb4 Na6 19. Nxa6 Rxa6 20. Rfc1 Raa8 21. Qe2 Rab8
22. Nd1 Rfc8 23. Bd4 Nd7 24. Bxg7 Kxg7 25. Rxc8 Rxc8 26. Rc1 Rxc1 27. Qb2+ e5
28. Qxc1 d5 29. exd5 Qxd5 30. Nc3 Qd3 31. Qd1 Qxc3 32. Qxd7 Qc2+ 33. Kh3 Qe2 34.
Qe7 h6 35. a4 bxa4 36. bxa4 Qf1+ 37. Kg4 Qc4+ 38. Kh3 Qf1+ 39. Kg4 Qc4+ 40. Kh3
Qxa4 41. Qxe5+ Kg8 42. Kg2 1/2-1/2

[Event "Druzynowe Mistrzostwa Polski - II liga"]
[Site "Sypniewo k. Jastrowia"]
[Date "1899-12-30"]
[Round "3.3"]
[White "Szotkowski, Jakub"]
[Black "Gluszko, Tomasz"]
[Result "0-1"]
[WhiteTitle "IM"]
[BlackTitle "CM"]
[WhiteElo "2353"]
[BlackElo "2170"]

1. Nf3 Nf6 2. c4 g6 3. Nc3 d5 4. Qa4+ Nc6 5. Ne5 Bd7 6. Nxd7 Qxd7 7. cxd5 Nxd5
8. g3 Nb6 9. Qd1 Bg7 10. Bg2 e5 11. O-O O-O 12. d3 Rab8 13. Be3 Nd4 14. Rc1 c6
15. Qd2 f5 16. Kh1 Rbe8 17. Bh6 Rf6 18. Bxg7 Kxg7 19. b4 h5 20. h4 Nc8 21. Na4
Nd6 22. Nc5 Qc8 23. Qb2 f4 24. Kh2 Qg4 25. e3 fxg3+ 26. fxg3 Ne2 0-1

[Event "Druzynowe Mistrzostwa Polski - II liga"]
[Site "Sypniewo k. Jastrowia"]
[Date "1899-12-30"]
[Round "3.4"]
[White "Solnicki, Michal"]
[Black "Eggink, Ryszard"]
[Result "1/2-1/2"]
[WhiteTitle "k"]
[BlackTitle "m"]
[WhiteElo "2166"]
[BlackElo "2387"]

1. d4 Nf6 2. Nf3 e6 3. g3 d5 4. Bg2 Be7 5. O-O O-O 6. c4 dxc4 7. Qc2 a6 8. a4 Bd7
9. Qxc4 Bc6 10. Bg5 a5 11. Nc3 Nbd7 12. Qd3 Bb4 13. Nd2 Bxg2 14. Kxg2 h6 15. Bxf6
Nxf6 16. Nde4 Nxe4 17. Qxe4 c6 18. Rfd1 Qb6 19. e3 Rfd8 20. Rab1 Bf8 21. Qc2 Rac8
22. Rbc1 Qb4 23. Ne4 Rd5 24. Nc3 Rd7 25. Ne4 Ra8 26. f4 Rd5 27. Nc3 Rd7 28. Ne4
Rd5 1/2-1/2

[Event "Druzynowe Mistrzostwa Polski - II liga"]
[Site "Sypniewo k. Jastrowia"]
[Date "1899-12-30"]
[Round "3.5"]
[White "Karwowski, Kacper"]
[Black "Zysko, Jan"]
[Result "1-0"]
[WhiteTitle "CM"]
[BlackTitle "k"]
[WhiteElo "2230"]
[BlackElo "2080"]

1. c4 Nf6 2. Nc3 g6 3. e4 d6 4. d4 Bg7 5. Be2 Nbd7 6. Bg5 h6 7. Be3 e5 8. d5 a5
9. f3 Nh5 10. Nh3 Nc5 11. Nf2 Nf4 12. Bf1 Qg5 13. Qd2 Nxg2+ 14. Bxg2 Qxg2 15.
Ke2 O-O 16. Rag1 Qxh1 17. Nxh1 Kh7 18. Ng3 Bd7 19. b3 Rg8 20. Bxc5 dxc5 21. d6
cxd6 22. Qxd6 Bc6 23. Qxc5 Rac8 24. Qxa5 h5 25. a4 h4 26. Nf1 f5 27. Ne3 fxe4
28. Nxe4 Rgf8 29. Rg4 Rf4 30. Rxf4 exf4 31. Nd5 Re8 32. Qc7 Kg8 33. Ne7+ 1-0

[Event "Druzynowe Mistrzostwa Polski - II liga"]
[Site "Sypniewo k. Jastrowia"]
[Date "1899-12-30"]
[Round "3.6"]
[White "Chrzaszcz, Malvina"]
[Black "Krupa, Monika"]
[Result "0-1"]
[WhiteTitle "k+"]
[BlackTitle "WGM"]
[WhiteElo "1996"]
[BlackElo "2194"]

1. e4 c6 2. Nf3 g6 3. d4 Bg7 4. Bd3 d5 5. exd5 cxd5 6. O-O Nc6 7. h3 Nf6 8. Re1
O-O 9. c3 a6 10. Bf4 Bf5 11. g4 Bxd3 12. Qxd3 h5 13. Ne5 hxg4 14. hxg4 Nxe5 15.
dxe5 Nxg4 16. Qh3 Qc8 17. e6 f5 18. Nd2 Nf6 19. Nf3 Nh5 20. Bg5 Bf6 21. Bxf6 Rxf6
22. Ng5 Qc4 23. Red1 Qf4 24. Qg2 Qh4 25. Rd4 Nf4 26. Rxf4 Qxf4 27. Rd1 Kg7 28.
Rxd5 Qc1+ 29. Kh2 Rh8+ 30. Nh3 g5 31. Kg3 Rfh6 32. Rxf5 Rxh3+ 33. Qxh3 Rxh3+ 34.
Kxh3 Kg6 35. Rf7 Qxb2 36. Rxe7 Qxf2 0-1

[Event "Druzynowe Mistrzostwa Polski - II liga"]
[Site "Sypniewo k. Jastrowia"]
[Date "1899-12-30"]
[Round "3.7"]
[White "Cukrowski, Filip"]
[Black "Lobejko, Rafal"]
[Result "1-0"]
[WhiteTitle "FM"]
[BlackTitle "FM"]
[WhiteElo "2382"]
[BlackElo "2312"]

1. Nf3 Nf6 2. c4 g6 3. b3 Bg7 4. Bb2 O-O 5. g3 c5 6. Bg2 Nc6 7. O-O d6 8. d4 cxd4
9. Nxd4 Bd7 10. e3 Nxd4 11. exd4 d5 12. Nc3 dxc4 13. bxc4 Rc8 14. Qb3 Qc7 15.
c5 b6 16. Ba3 Rfe8 17. Rac1 bxc5 18. Bxc5 e5 19. Qa3 e4 20. Be7 Qb7 21. Rb1 Qa8
22. Bc5 Bc6 23. Qxa7 Nd7 24. Qxa8 Rxa8 25. Rfc1 Nxc5 26. dxc5 Ra5 27. Nxe4 Bxe4
28. Bxe4 Bh6 29. Rc4 1-0

[Event "Druzynowe Mistrzostwa Polski - II liga"]
[Site "Sypniewo k. Jastrowia"]
[Date "1899-12-30"]
[Round "3.8"]
[White "Miroslaw, Michal"]
[Black "Kacprzak, Karol"]
[Result "1-0"]
[WhiteTitle "FM"]
[BlackTitle "k"]
[WhiteElo "2269"]
[BlackElo "2200"]

1. d4 Nf6 2. Bg5 d5 3. Nc3 Nbd7 4. e3 e6 5. Bd3 c5 6. dxc5 Nxc5 7. Nf3 Be7 8. Ne5
O-O 9. O-O a6 10. Qf3 Qc7 11. Qg3 Nh5 12. Qh4 Bxg5 13. Qxg5 Nf6 14. f4 b5 15.
Rf3 Nfe4 16. Bxe4 Nxe4 17. Nxe4 dxe4 18. Rh3 f6 19. Qh5 fxe5 20. Qxh7+ Kf7 21.
Rg3 Ke8 22. Rxg7 Bd7 23. Rd1 Ra7 24. Rdxd7 Qxd7 25. Rxd7 Rxd7 26. Qxe4 exf4 27.
exf4 Kf7 28. h4 Rd5 29. Qh7+ Ke8 30. Qg6+ Ke7 31. Qe4 Rh8 32. g3 Rc8 33. Qh7+
Kd6 34. Kg2 Rd2+ 35. Kh3 Rcxc2 36. h5 Rxb2 37. h6 Rxa2 38. Qg7 Rd1 39. Kg4 Rh2
40. Qf8+ Kd7 41. Qg7+ Kc6 42. Qf6 Kd7 43. f5 exf5+ 44. Qxf5+ Kc7 45. h7 Rd8 46.
Kf3 Rb8 47. g4 Rh1 48. Kg2 Rxh7 49. Qxh7+ Kc6 50. Qe4+ Kd7 51. Qd5+ Kc7 52. Qc5+
Kd7 53. Qa7+ Kc8 54. Qxb8+ 1-0

[Event "Druzynowe Mistrzostwa Polski - II liga"]
[Site "Sypniewo k. Jastrowia"]
[Date "1899-12-30"]
[Round "3.9"]
[White "Kacprzak, Kacper"]
[Black "Pyda, Zbigniew"]
[Result "1/2-1/2"]
[WhiteTitle "k"]
[BlackTitle "FM"]
[WhiteElo "2229"]
[BlackElo "2283"]

1. e4 c5 2. Nf3 Nc6 3. d4 cxd4 4. Nxd4 e5 5. Nb5 d6 6. N1c3 a6 7. Na3 Be6 8. Nc4
b5 9. Ne3 Nf6 10. Bd3 Be7 11. O-O O-O 12. a4 b4 13. Ncd5 a5 14. Nxf6+ Bxf6 15.
Bc4 Bg5 16. Qd3 Nd4 17. Nd5 Rc8 18. Bxg5 Qxg5 19. Ne3 Nf3+ 20. Kh1 Qh5 21. gxf3
Rxc4 22. Nxc4 Bxc4 23. Qxc4 Qxf3+ 24. Kg1 Qg4+ 25. Kh1 1/2-1/2

[Event "Druzynowe Mistrzostwa Polski - II liga"]
[Site "Sypniewo k. Jastrowia"]
[Date "1899-12-30"]
[Round "3.10"]
[White "Panas, Pawel"]
[Black "Poltorak, Sebastian"]
[Result "1/2-1/2"]
[WhiteTitle "k"]
[BlackTitle "k"]
[WhiteElo "2158"]
[BlackElo "2264"]

1. d4 Nf6 2. Nf3 g6 3. g3 Bg7 4. Bg2 O-O 5. O-O d5 6. c3 b6 7. c4 e6 8. Ne5 Bb7
9. Nc3 Ne4 10. cxd5 exd5 11. Qb3 c5 12. e3 Na6 13. Qa4 Rc8 14. Rd1 cxd4 15. exd4
Rxc3 16. bxc3 Nxc3 17. Qb3 Nxd1 18. Qxd1 Qe7 19. Bb2 Qb4 20. Nd3 Qd6 21. Qa4 Rc8
22. Re1 Qc6 23. Qb3 Re8 24. Rxe8+ Qxe8 25. Bxd5 Bxd5 26. Qxd5 Nc7 27. Qd6 Nb5
28. Qd5 Nc7 29. Qd6 Nb5 30. Qd5 Nc7 31. Qd6 Nb5 1/2-1/2

[Event "Druzynowe Mistrzostwa Polski - II liga"]
[Site "Sypniewo k. Jastrowia"]
[Date "1899-12-30"]
[Round "3.11"]
[White "Sowa, Wiktoria"]
[Black "Maka, Marcin"]
[Result "0-1"]
[WhiteTitle "WFM"]
[BlackTitle "k"]
[WhiteElo "2016"]
[BlackElo "2086"]

1. e4 c5 2. Nf3 Nc6 3. d4 cxd4 4. Nxd4 Nf6 5. Nc3 e5 6. Ndb5 d6 7. Bg5 a6 8. Na3
b5 9. Nd5 Be7 10. Bxf6 Bxf6 11. c4 b4 12. Nc2 O-O 13. g3 a5 14. Bg2 Rb8 15. b3
g6 16. O-O Bg7 17. Qd2 Be6 18. Rad1 Bxd5 19. cxd5 Na7 20. Kh1 Nb5 21. Ne3 f5 22.
exf5 gxf5 23. Nc4 Nc3 24. Rde1 Rb5 25. f4 e4 26. Ne3 Qd7 27. Bh3 h5 28. Rf2 Kh7
29. Bf1 Rc5 30. Bc4 Qa7 31. Rff1 Kg6 32. Qg2 Bd4 33. Nd1 Re8 34. Nxc3 bxc3 35.
Qc2 Qc7 36. h3 Qg7 37. Kh2 Rg8 38. g4 hxg4 39. hxg4 Qh6+ 40. Kg3 Kf6 41. Be2 Be3
42. Bd1 Bd2 43. Rxe4 fxe4 44. Qxe4 Kf7 45. Qf5+ Qf6 46. Qd7+ Qe7 47. Qf5+ Ke8
48. g5 Qf7 49. Bh5 Qxh5 50. Qe6+ Kf8 51. Qxd6+ Kf7 52. Qxc5 Re8 53. Rf3 Be1+ 54.
Rf2 Qe2 55. Qc7+ Re7 0-1

[Event "Druzynowe Mistrzostwa Polski - II liga"]
[Site "Sypniewo k. Jastrowia"]
[Date "1899-12-30"]
[Round "3.12"]
[White "Fraczek, Weronika"]
[Black "Starosta, Martyna"]
[Result "1/2-1/2"]
[WhiteTitle "k++"]
[BlackTitle "WCM"]
[WhiteElo "1830"]
[BlackElo "1809"]

1. e4 c5 2. Nf3 d6 3. d4 cxd4 4. Nxd4 Nf6 5. Nc3 a6 6. Bc4 e6 7. O-O b5 8. Bb3
Be7 9. Qf3 Qc7 10. Qg3 O-O 11. Bh6 Ne8 12. Rad1 Kh8 13. Be3 Bd7 14. f4 b4 15.
Nce2 a5 16. c3 Nc6 17. cxb4 Nxb4 18. a3 Na6 19. Nc3 Nc5 20. Bc2 Rb8 21. Rb1 Bf6
22. Bf2 g6 23. b4 axb4 24. Rxb4 Ng7 25. Rfb1 Rfc8 26. Ncb5 Bxb5 27. Nxb5 Qd7 28.
Nxd6 Rxb4 29. axb4 Nh5 30. Qe3 Qxd6 31. e5 Qd5 32. bxc5 Be7 33. Rb5 Qc4 34. Qd3
Bxc5 35. Bxc5 Rxc5 36. Rb8+ Kg7 37. Qd8 Kh6 1/2-1/2

[Event "Druzynowe Mistrzostwa Polski - II liga"]
[Site "Sypniewo k. Jastrowia"]
[Date "1899-12-30"]
[Round "3.13"]
[White "Murdzia, Piotr"]
[Black "Gumula, Daniel"]
[Result "1/2-1/2"]
[WhiteTitle "IM"]
[BlackTitle "FM"]
[WhiteElo "2425"]
[BlackElo "2163"]

1. d4 Nf6 2. c4 Nc6 3. Nc3 e5 4. d5 Ne7 5. h4 h5 6. Bg5 Ng6 7. e3 d6 8. Bd3 Be7
9. Qc2 Nf8 10. Nf3 Ng4 11. e4 Bxg5 12. Nxg5 Nh7 13. Qd2 a6 14. O-O-O Bd7 15. f3
Nh6 16. Qe3 Qe7 17. Kb1 Nf8 18. g3 f6 19. Nh3 Nf7 20. f4 Bxh3 21. Rxh3 g5 22.
fxg5 fxg5 23. Be2 Nd7 24. Rf1 O-O-O 25. Rf5 Rdg8 26. hxg5 Nxg5 27. Rxh5 Rxh5 28.
Bxh5 Kb8 29. a3 Qg7 30. Be2 Nh3 31. Rh5 Ng5 32. Ka2 Nf6 33. Rh1 Qg6 34. Rh4 Nf7
35. g4 Ng5 36. Bd3 Ngh7 37. Be2 Ng5 38. Bd3 Ngh7 39. Qh3 Ng5 40. Qh1 Nf7 41. Be2
Qg5 42. Rh3 1/2-1/2

[Event "Druzynowe Mistrzostwa Polski - II liga"]
[Site "Sypniewo k. Jastrowia"]
[Date "1899-12-30"]
[Round "3.14"]
[White "Garbowski, Jakub"]
[Black "Brzezinski, Mateusz"]
[Result "1/2-1/2"]
[WhiteTitle "k"]
[BlackTitle "k"]
[WhiteElo "2142"]
[BlackElo "2189"]

1. e4 c5 2. Nf3 d6 3. d4 cxd4 4. Nxd4 Nf6 5. Nc3 g6 6. Be3 Bg7 7. f3 O-O 8. Qd2
Nc6 9. O-O-O d5 10. Qe1 e5 11. Nxc6 bxc6 12. exd5 Nxd5 13. Bc4 Be6 14. Ne4 Qc7
15. Bc5 Rfd8 16. h4 h6 17. g4 f5 18. gxf5 gxf5 19. Ng3 Qf7 20. Qa5 Nc7 21. Bxe6
Nxe6 22. c3 Rd5 23. Rxd5 cxd5 24. Rd1 Nf4 25. Be3 Ng2 26. Bf2 Nxh4 27. Rxd5 Nxf3
28. Qb5 Rf8 29. Rd7 Qe6 30. Qb7 Bf6 31. Nh5 Ng5 32. Rg7+ Kh8 33. Rg6 Qe7 34. Rxh6+
Nh7 35. Qxe7 Bxe7 36. Re6 Bg5+ 37. Kd1 Nf6 38. Nxf6 Bxf6 39. Bxa7 Kg7 40. Bc5
Ra8 41. b4 Kf7 42. Rc6 e4 43. Rc7+ Ke6 44. Rc6+ Kf7 45. Bd6 Rxa2 46. Bc5 Ra8 47.
b5 Ra2 48. b6 Rb2 49. Rc7+ Ke6 50. b7 1/2-1/2

[Event "Druzynowe Mistrzostwa Polski - II liga"]
[Site "Sypniewo k. Jastrowia"]
[Date "1899-12-30"]
[Round "3.16"]
[White "Stachanczyk, Jacek"]
[Black "Robak, Zbigniew"]
[Result "1-0"]
[WhiteTitle "IM"]
[BlackTitle "m"]
[WhiteElo "2152"]
[BlackElo "2217"]

1. e4 d6 2. d4 Nf6 3. Nc3 g6 4. f4 Bg7 5. Nf3 O-O 6. Bd3 Na6 7. O-O c5 8. d5 Bg4
9. Bc4 Nc7 10. h3 Bxf3 11. Qxf3 Nd7 12. a4 a6 13. a5 b5 14. axb6 Nxb6 15. Ba2
Nb5 16. Nd1 c4 17. c3 Qc7 18. Qf2 a5 19. Be3 Nd7 20. Qe2 Rfc8 21. Bb1 a4 22. Bc2
a3 23. bxa3 Nxa3 24. Ra2 Nc5 25. Bd4 Nxc2 26. Rxa8 Rxa8 27. Qxc2 Ra3 28. Bxg7
Kxg7 29. Rf3 Nd3 30. Qd2 Qc5+ 31. Kh2 Qa5 32. Qe3 Ra1 33. Qd4+ f6 34. Ne3 Qa2
35. Nxc4 Ne1 36. Rf2 Qb1 37. e5 Nc2 38. exf6+ exf6 39. Qe4 Qg1+ 40. Kg3 Ne1 41.
Qe7+ Kh6 42. Ne3 Nxg2 43. Ng4+ Kh5 44. Qxh7# 1-0

[Event "Druzynowe Mistrzostwa Polski - II liga"]
[Site "Sypniewo k. Jastrowia"]
[Date "1899-12-30"]
[Round "3.17"]
[White "Marchlewicz, Kamil"]
[Black "Rosicki, Marcin"]
[Result "0-1"]
[WhiteTitle "I++"]
[BlackTitle "I++"]
[WhiteElo "2068"]
[BlackElo "2009"]

1. e4 e5 2. Nf3 Nc6 3. Bc4 Bc5 4. d3 Nf6 5. c3 d6 6. b4 Bb6 7. a4 a6 8. O-O h6
9. Nbd2 O-O 10. Re1 Ng4 11. Re2 Be6 12. h3 Nf6 13. Bxe6 fxe6 14. Qb3 Qe7 15. Nc4
Ba7 16. Kh2 b5 17. Ne3 Kh7 18. Nf1 Nh5 19. axb5 axb5 20. Rea2 g5 21. Ra6 g4 22.
Ng1 Rxf2 23. Be3 Bxe3 24. Nxe3 Rxa6 25. Rxa6 Qg5 0-1

[Event "Druzynowe Mistrzostwa Polski - II liga"]
[Site "Sypniewo k. Jastrowia"]
[Date "1899-12-30"]
[Round "3.18"]
[White "Pluta, Natalia"]
[Black "Kindler, Karolina"]
[Result "1-0"]
[WhiteTitle "I++"]
[BlackTitle "I++"]
[WhiteElo "1832"]
[BlackElo "1805"]

1. c4 e5 2. Nc3 Nf6 3. g3 Bc5 4. Bg2 Nc6 5. e3 a6 6. a3 Ba7 7. Nge2 d6 8. O-O h5
9. h4 Bf5 10. d3 Qd7 11. Nd5 O-O-O 12. b4 Ne7 13. Nxf6 gxf6 14. b5 axb5 15. Rb1
Bh3 16. Bf3 Bxf1 17. Kxf1 Qh3+ 18. Bg2 Qg4 19. Qb3 Rdg8 20. Qxb5 Bb6 21. Bd2 Nf5
22. Qd5 c6 23. Qxf7 Rf8 24. Qe6+ Kc7 25. Ke1 Rh7 26. Be4 Re7 27. Qxf5 Qxf5 28.
Bxf5 Rg7 29. Bb4 Ra8 30. Nc3 Ba5 31. Ke2 Bxb4 32. axb4 Ra3 33. Ne4 Rg8 34. b5
Ra2+ 35. Kf3 d5 36. cxd5 cxd5 37. Nxf6 Rf8 38. Nxd5+ Kd6 39. e4 Rxf5+ 40. exf5
Kxd5 41. Rb4 Rd2 42. Ke3 Rd1 43. Re4 b6 44. f6 Ra1 45. f7 Ra8 46. f4 exf4+ 47.
Rxf4 Rf8 1-0

[Event "Druzynowe Mistrzostwa Polski - II liga"]
[Site "Sypniewo k. Jastrowia"]
[Date "1899-12-30"]
[Round "3.19"]
[White "Nowak, Kamil"]
[Black "Rudolf, Michal"]
[Result "1/2-1/2"]
[WhiteTitle "m"]
[BlackTitle "FM"]
[WhiteElo "2318"]
[BlackElo "2356"]

1. d4 Nf6 2. c4 e6 3. Nc3 Bb4 4. Qc2 O-O 5. e4 d5 6. e5 Ne4 7. Bd3 c5 8. Nf3 cxd4
9. Nxd4 Nd7 10. Bf4 Ndc5 11. O-O Nxd3 12. Qxd3 Bxc3 13. bxc3 b6 14. cxd5 Qxd5
15. Rfd1 Bb7 16. c4 Qd7 17. Qc2 Qe7 18. f3 Nc5 19. Nb5 Bc6 20. a4 Bxb5 1/2-1/2

[Event "Druzynowe Mistrzostwa Polski - II liga"]
[Site "Sypniewo k. Jastrowia"]
[Date "1899-12-30"]
[Round "3.20"]
[White "Markowski, Damian"]
[Black "Daniel, Damian"]
[Result "1/2-1/2"]
[WhiteTitle "FM"]
[BlackTitle "CM"]
[WhiteElo "2202"]
[BlackElo "2165"]

1. d4 Nf6 2. Bf4 d6 3. Nc3 Nbd7 4. Nf3 c5 5. d5 Qa5 6. Nd2 b5 7. a3 a6 8. e4 g6
9. Be2 Bg7 10. O-O Bb7 11. Bg3 O-O 12. Re1 c4 13. Bf1 Rfe8 14. Nf3 Nh5 15. Qd2
Nxg3 16. hxg3 Rad8 17. Nd4 Nc5 18. Rad1 e6 19. Be2 Qb6 20. Bf3 exd5 21. exd5 Rxe1+
22. Rxe1 Nd3 23. cxd3 Qxd4 24. Rd1 cxd3 25. Qxd3 Qxd3 26. Rxd3 Rc8 27. Ne4 Be5
28. b3 h6 29. Bd1 f5 30. Nd2 Rc5 31. b4 Rc1 32. Nb3 Rc3 33. Rd2 Kf7 34. f4 Bf6
35. Na5 Ba8 36. a4 Bd8 37. axb5 axb5 38. Be2 Rc1+ 39. Kh2 Bb6 40. Bd1 Bxa5 41.
bxa5 Ra1 42. g4 Rxa5 43. gxf5 gxf5 44. Bb3 b4 45. Kg3 Ra3 46. Rd3 Bb7 47. Kf2
Ba6 48. Re3 Bb5 49. Rh3 Ke7 50. Ke1 Ra1+ 51. Kd2 Rg1 52. Rxh6 Rxg2+ 53. Kc1 Rg1+
54. Kd2 Rg2+ 55. Kc1 Rg3 56. Bc2 Bd3 57. Re6+ Kd7 58. Rf6 Ke7 59. Re6+ Kd7 60.
Rf6 Be4 61. Bxe4 fxe4 62. Re6 e3 63. Kb2 Rf3 64. Kb3 e2+ 65. Kxb4 Rxf4+ 66. Kc3
Rf2 67. Kc4 Rh2 68. Kd3 Kc7 69. Rxe2 Rxe2 70. Kxe2 Kb6 71. Kd3 Kc5 72. Kc3 Kxd5
73. Kd3 Ke5 1/2-1/2

[Event "Druzynowe Mistrzostwa Polski - II liga"]
[Site "Sypniewo k. Jastrowia"]
[Date "1899-12-30"]
[Round "3.21"]
[White "Stankiewicz, Pawel"]
[Black "Warszawski, Bartosz"]
[Result "1/2-1/2"]
[WhiteTitle "k"]
[BlackTitle "m"]
[WhiteElo "2104"]
[BlackElo "2169"]

1. e4 c5 2. Nf3 e6 3. d4 cxd4 4. Nxd4 Nc6 5. Nc3 Qc7 6. g3 a6 7. Bg2 Nf6 8. O-O
d6 9. Re1 Be7 10. Nxc6 bxc6 11. e5 dxe5 12. Rxe5 O-O 13. Qe2 Bd6 14. Re3 Nd5 15.
Nxd5 exd5 16. c4 Bc5 17. Re8 Be6 18. Bf4 Qb6 19. Rxa8 Rxa8 20. cxd5 Bxd5 21. Rd1
Bxg2 22. Kxg2 Bd4 23. Qd2 c5 24. b4 h6 1/2-1/2

[Event "Druzynowe Mistrzostwa Polski - II liga"]
[Site "Sypniewo k. Jastrowia"]
[Date "1899-12-30"]
[Round "3.22"]
[White "Kaim, Piotr"]
[Black "Borowski, Przemyslaw"]
[Result "1-0"]
[WhiteTitle "m"]
[BlackTitle "I"]
[WhiteElo "2166"]
[BlackElo "1863"]

1. Nf3 Nf6 2. g3 g6 3. Bg2 Bg7 4. O-O O-O 5. d4 d6 6. c4 Nbd7 7. Qc2 c5 8. Nc3
cxd4 9. Nxd4 a6 10. b3 Qc7 11. Bb2 Ne5 12. Rac1 Bd7 13. Qd2 Rab8 14. h3 Bc6 15.
Nd5 Bxd5 16. cxd5 Qb6 17. Rc2 Rfc8 18. Rfc1 Rxc2 19. Rxc2 Ned7 20. b4 a5 21. bxa5
Qa6 22. e3 Nc5 23. Bf1 Qa8 24. Nb3 Nfe4 25. Qb4 Bxb2 26. Rxb2 Qa7 27. Qd4 Ra8
28. Bg2 Nf6 29. Nxc5 Qxc5 30. Qxc5 dxc5 31. Rxb7 Kf8 32. d6 exd6 33. Rxf7+ Kxf7
34. Bxa8 c4 35. Kf1 Ke7 36. a6 1-0

[Event "Druzynowe Mistrzostwa Polski - II liga"]
[Site "Sypniewo k. Jastrowia"]
[Date "1899-12-30"]
[Round "3.23"]
[White "Reichel, Lukasz"]
[Black "Prus, Marek"]
[Result "1-0"]
[WhiteTitle "I"]
[BlackTitle "I"]
[WhiteElo "1760"]
[BlackElo "1675"]

1. Nf3 Nf6 2. c4 c5 3. Nc3 Nc6 4. d4 cxd4 5. Nxd4 e5 6. Ndb5 d6 7. g3 a6 8. Na3
Be6 9. Bg2 Be7 10. O-O O-O 11. Qd2 Qa5 12. Nd5 Bxd5 13. cxd5 Qxd2 14. Bxd2 Nd4
15. e3 Nf5 16. Rac1 Rac8 17. Nc4 b5 18. Na5 Rxc1 19. Rxc1 Bd8 20. Nc6 Bb6 21.
Kf1 h5 22. Ke2 Re8 23. Ba5 Bxa5 24. Nxa5 Ne7 25. e4 Rc8 26. Rxc8+ Nxc8 27. f3
g5 28. Kd3 Kf8 29. Nc6 Nb6 30. b3 Nfd7 31. Kc3 f5 32. Kb4 fxe4 33. fxe4 Nc5 34.
Ka5 Nbd7 35. Nb4 Nf6 36. Nxa6 Ncxe4 37. Bxe4 Nxe4 38. Kxb5 Nxg3 39. Nb4 Ne4 40.
a4 Nc5 41. a5 g4 42. Nd3 h4 43. Nxc5 g3 44. hxg3 hxg3 45. Ne6+ 1-0

[Event "Druzynowe Mistrzostwa Polski - II liga"]
[Site "Sypniewo k. Jastrowia"]
[Date "1899-12-30"]
[Round "3.24"]
[White "Bednarska-bzdega, Malgorzata"]
[Black "Czaplewska, Klara"]
[Result "1/2-1/2"]
[WhiteTitle "WFM"]
[BlackTitle "k+"]
[WhiteElo "1946"]
[BlackElo "1863"]

1. e4 e5 2. Bc4 Nc6 3. Nc3 Nf6 4. d3 Bc5 5. Bg5 h6 6. Bh4 d6 7. Na4 Bb6 8. Nxb6
axb6 9. f3 Na5 10. Ne2 Nxc4 11. dxc4 Qe7 12. Nc3 Qe6 13. Bxf6 Qxf6 14. Nd5 Qd8
15. O-O Be6 16. b3 O-O 17. a4 f5 18. Qd3 fxe4 19. fxe4 Qd7 20. Rae1 Kh8 21. Rxf8+
Rxf8 22. Rf1 Rxf1+ 23. Qxf1 Bxd5 24. cxd5 Qg4 25. Qc4 Qd1+ 1/2-1/2

[Event "Druzynowe Mistrzostwa Polski - II liga"]
[Site "Sypniewo k. Jastrowia"]
[Date "1899-12-30"]
[Round "3.25"]
[White "Kempinski, Tomasz"]
[Black "Sopur, Lech"]
[Result "1-0"]
[WhiteTitle "FM"]
[BlackTitle "m"]
[WhiteElo "2161"]
[BlackElo "2413"]

1. e4 c5 2. Nf3 Nc6 3. Bb5 g6 4. O-O Bg7 5. Nc3 Nd4 6. Bc4 a6 7. a4 e6 8. Ne1 Ne7
9. Ne2 d5 10. exd5 exd5 11. Ba2 Bg4 12. f3 Bd7 13. c3 Nxe2+ 14. Qxe2 O-O 15. Nd3
Rc8 16. b3 d4 17. c4 Nc6 18. Ba3 b6 19. Rae1 Qc7 20. g3 Bh6 21. Qd1 Bf5 22. Bb1
Rfe8 23. Bc2 Qd7 24. Rf2 Na5 25. Rfe2 Nxb3 26. Ne5 Rxe5 27. Rxe5 Bxc2 28. Qxc2
Nxd2 29. Kg2 Qc6 30. Qd3 Be3 31. R5xe3 dxe3 32. Rxe3 Qxa4 33. Qxd2 Qxc4 34. Re4
Qb3 35. Bb2 h6 36. Bf6 g5 37. h4 Qb5 38. hxg5 Re8 39. Be7 h5 40. g6 fxg6 41. Re6
Qc4 42. Rxg6+ Kf7 43. Rf6+ Kxe7 44. Qd6# 1-0